000 00539nam a22001937a 4500
003 BD-DhUIB
005 20260513194522.0
008 260513b |||||||| |||| 00| 0 eng d
020 _a9780367556617
040 _aBD-DhUIB
_cBD-DhUIB
050 _a339.952
082 _222
100 _aJones, Randall S.
_91112
245 _aThe Japanese economy :
_bstrategies to cope with a shrinking and ageing population /
260 _aNew York.
_bRoutledge.
_cc2022
300 _axxix, 435p. :
_billus. ;
_c20cm.
526 _aMBA
942 _2ddc
_cBK
999 _c698
_d698